[Event "III Copa Marcel Duchamp 2019"]
[Site "Montevideo"]
[Date "2019.02.15"]
[Round "8.25"]
[White "Guerrero, Alvaro"]
[Black "Hart, Alexander"]
[Result "1/2-1/2"]
[WhiteElo "2096"]
[BlackElo "1881"]
[Annotator "NA RC"]
[PlyCount "54"]
[EventDate "2019.02.09"]
[EventType "swiss"]
[EventCountry "URU"]
[SourceTitle "playchess.com"]
[Source "ChessBase"]
[SourceQuality "1"]
[TimeControl "5400+30"]

1. e4 c6 2. d4 d5 3. f3 dxe4 4. fxe4 e5 5. Nf3 Bg4 6. Bc4 Nd7 7. O-O {B12: Caro-Kann: Advance Variation} Ngf6 8. c3 Bd6 (8... Qc7 9. Qb3 O-O-O 10. Nbd2 Bd6 11. h3 Bh5 12. Ng5 Rhf8 13. Nxf7 Bxf7 14. Bxf7 exd4 15. cxd4 {½-½ (38) Gagunashvili,M (2588)-Paichadze,L (2554) Tbilisi 2017}) 9. Qb3 (9. Be3 $11) 9... O-O 10. Bg5 b5 11. Bd3 Qc7 12. Nbd2 Bh5 $146 ({Better is} 12... h6 $15 13. Bxf6 Nxf6) ({Predecessor:} 12... a6 13. Qc2 h6 14. dxe5 Bxe5 15. Nxe5 hxg5 16. Nxd7 Qxd7 {1-0 (29) Bakker,M (1839)-Stewart,N (2263) Leiden 2014}) 13. h3 h6 14. Be3 Bg6 15. Nh4 Kh7 16. Nf5 Rae8 17. Rae1 a5 (17... a6 $11) 18. Qc2 c5 (18... a4 $14) 19. d5 c4 20. Be2 Bc5 21. Bxc5 Qxc5+ 22. Kh2 Nb6 23. g4 Rh8 $11 24. Rf3 Kg8 25. Rg1 h5 26. g5 Ng4+ 27. Kh1 Bxf5 1/2-1/2

[Event "III Copa Marcel Duchamp 2019"]
[Site "Montevideo"]
[Date "2019.02.15"]
[Round "8.26"]
[White "Moccero, Eduardo"]
[Black "Sosa Macho, Juan Manuel"]
[Result "0-1"]
[WhiteElo "1950"]
[BlackElo "2079"]
[Annotator "NA RC"]
[PlyCount "76"]
[EventDate "2019.02.09"]
[EventType "swiss"]
[EventCountry "URU"]
[SourceTitle "playchess.com"]
[Source "ChessBase"]
[SourceQuality "1"]
[TimeControl "5400+30"]

1. d4 Nf6 2. Nf3 g6 3. c4 Bg7 4. Nc3 O-O 5. Bf4 d6 6. h3 c6 7. e3 Na6 {E61: King's Indian: Early deviations for White, including Smyslov System} (7... a6 8. Bd3 b5 9. O-O Nbd7 10. Rc1 Re8 11. Bh2 Bb7 12. a3 e5 13. Be2 Rc8 14. b4 exd4 15. exd4 Nb6 {1-0 (40) Melkumyan,H (2662)-Andriasian,Z (2586) Yerevan 2018}) 8. Be2 Nc7 9. O-O Rb8 10. a4 Bd7 $146 ({Predecessor:} 10... b6 11. b4 Nd7 12. Rc1 c5 13. dxc5 bxc5 14. b5 Nf6 15. Nd2 {1-0 (34) Cueto Chajtur,J (2350)-Diaz,J Elista 1998}) 11. Qc2 a5 12. Rfd1 Na6 13. Na2 Ne8 14. Rab1 Rc8 15. c5 d5 16. b4 b5 17. axb5 cxb5 18. bxa5 Qxa5 19. Qb3 Nac7 20. Nc3 Qa8 21. Ne5 Bxe5 22. Bxe5 Rb8 23. Bf3 Be6 24. Rb2 Rd8 25. Ra2 Qc6 26. Rb1 Bf5 27. Rba1 Be4 28. Be2 Rb8 29. Ra5 Nf6 30. Bxc7 Qxc7 31. Rxb5 e5 32. f3 exd4 33. exd4 Bf5 34. Nxd5 Nxd5 35. Rxb8 Qxb8 36. Qxd5 Qb2 {[#]} (36... Rd8 {is a better defense.} 37. Qe5 Qxe5 38. dxe5 Rd5) 37. Ra2 $4 (37. Re1 $1 $18 {is the narrow road to win.}) 37... Qb1+ 38. Kh2 Be6 $19 0-1

[Event "III Copa Marcel Duchamp 2019"]
[Site "Montevideo"]
[Date "2019.02.15"]
[Round "8.27"]
[White "Augoustis Funti, Alexis"]
[Black "Zaruski, Julio"]
[Result "*"]
[WhiteElo "1984"]
[BlackElo "1823"]
[Annotator "NA RC"]
[PlyCount "131"]
[EventDate "2019.02.09"]
[EventType "swiss"]
[EventCountry "URU"]
[SourceTitle "playchess.com"]
[Source "ChessBase"]
[SourceQuality "1"]
[TimeControl "5400+30"]

1. e4 Nc6 2. d4 d5 3. e5 Bf5 4. Nf3 e6 5. Bd3 Nce7 6. O-O h5 7. Bg5 Qd7 8. Nh4 Bxd3 9. Qxd3 g6 10. Nd2 Bh6 11. f4 Nf5 12. Nhf3 Bxg5 13. fxg5 Nge7 14. b3 Rd8 15. Rad1 b6 16. h3 c5 17. g4 hxg4 18. hxg4 c4 19. bxc4 Ng3 20. Rfe1 dxc4 21. Nxc4 Nd5 22. Nd6+ Ke7 23. Nh2 $18 Rh3 24. Rf1 Nxf1 25. Qxh3 Nxh2 26. Qxh2 Qa4 27. Qf2 Rf8 28. Rd3 Qxa2 29. Rf3 Kd8 30. c4 Qxf2+ 31. Kxf2 Nb4 32. Rxf7 Rxf7+ 33. Nxf7+ Ke7 34. Nh8 a5 35. Ke2 a4 36. Kd2 a3 37. Kc3 a2 38. Kb2 Nc2 39. Kxa2 Nxd4 40. Nxg6+ Kf7 41. Nf4 Nf3 42. g6+ Kg7 43. Nxe6+ Kg8 44. Kb3 Nxe5 45. Nf4 Nxg4 46. Kc3 Ne5 47. Kd4 Nc6+ 48. Kd5 Na5 49. Nd3 Kg7 50. Ne5 Kf6 51. Kd4 Kg7 52. Kc3 Kf6 53. Kd4 Kg7 54. Kd3 Kf6 55. Kc3 Kg7 56. Kb4 Kf6 57. Kb5 Kg7 58. c5 bxc5 59. Kxa5 c4 60. Kb4 Kf6 61. Kxc4 Kg7 62. Kd5 Kf6 63. Kd6 Kg7 64. Ke7 Kg8 65. Kf6 Kh8 66. Nc6 *

[Event "III Copa Marcel Duchamp 2019"]
[Site "Montevideo"]
[Date "2019.02.15"]
[Round "8.28"]
[White "Visillac, Alejandro"]
[Black "Gaye, Gustavo"]
[Result "0-1"]
[WhiteElo "1803"]
[BlackElo "1984"]
[Annotator "NA RC"]
[PlyCount "112"]
[EventDate "2019.02.09"]
[EventType "swiss"]
[EventCountry "URU"]
[SourceTitle "playchess.com"]
[Source "ChessBase"]
[SourceQuality "1"]
[TimeControl "5400+30"]

1. e4 g6 2. Nf3 c5 3. g3 Bg7 4. Bg2 Nc6 5. O-O e6 6. c3 {A04: Unusual lines after 1 Nf3 and King's Indian Attack} Nge7 (6... d5 7. exd5 exd5 8. d4 cxd4 9. Nxd4 Nge7 10. Bg5 h6 11. Bf4 O-O 12. Re1 Nxd4 13. cxd4 Nc6 {½-½ (28) Mamedov,R (2660)-Svidler,P (2722) Moscow 2010}) 7. d4 cxd4 8. cxd4 d5 9. e5 O-O 10. Nc3 Bd7 11. Bg5 h6 12. Be3 $146 ({Predecessor:} 12. Bf4 Rc8 13. Rc1 Na5 {½-½ (47) Mann,C (2305)-Pogorelov,R (2415) Budapest 1990}) 12... Na5 13. b3 Rc8 14. Rc1 Qb6 15. Qd2 Kh7 16. g4 Qb4 17. Ne4 Qxd2 18. Nf6+ Bxf6 19. Bxd2 Bg7 20. Bxa5 Nc6 21. Bc3 Rfe8 22. h3 Bf8 23. Bd2 Ba3 24. Rc2 (24. Rb1 $17 Nb4 25. Rfd1) 24... Nxe5 25. Nxe5 $2 (25. Ne1 {was necessary.} Nc6 26. Nf3) 25... Rxc2 26. Nxd7 Re7 27. Nf6+ Kg7 28. Bxh6+ Kxf6 29. Bf8 Rxa2 30. Bxe7+ Kxe7 31. Rd1 Bb2 32. Rd2 $19 (32. h4 $17 {keeps fighting.}) 32... Ra1+ 33. Bf1 Bc3 34. Rd3 Rc1 35. Kg2 b5 36. Be2 g5 37. Bd1 a5 38. Kg3 Be1 39. Kf3 Rc3 40. Rxc3 Bxc3 41. Ke3 Kd6 42. Kd3 Ba1 43. Be2 a4 44. bxa4 bxa4 45. Bd1 a3 46. Bb3 f6 47. f3 Kc6 48. Ke3 Kb5 49. Kd3 Kb4 50. Ba2 Bc3 51. f4 gxf4 52. h4 f3 53. h5 f2 54. Ke2 Bd2 55. Kxf2 Kc3 56. Ke2 Bg5 0-1

[Event "III Copa Marcel Duchamp 2019"]
[Site "Montevideo"]
[Date "2019.02.15"]
[Round "8.29"]
[White "De Haro, Martim Afonso Palma"]
[Black "Soto, Nicolas"]
[Result "0-1"]
[WhiteElo "1790"]
[BlackElo "1982"]
[Annotator "NA RC"]
[PlyCount "90"]
[EventDate "2019.02.09"]
[EventType "swiss"]
[EventCountry "URU"]
[SourceTitle "playchess.com"]
[Source "ChessBase"]
[SourceQuality "1"]
[TimeControl "5400+30"]

1. e4 e6 2. d4 d5 3. Nc3 Bb4 4. e5 c5 5. Bd2 cxd4 6. Nb5 Bxd2+ 7. Qxd2 Nc6 8. f4 Nge7 9. Nd6+ Kf8 10. Bd3 {C17: French: 3 Nc3 Bb4 4 e5 c5 sidelines} (10. Nf3 Nf5 11. Nxf5 exf5 12. Nxd4 Qb6 13. O-O-O Be6 14. Be2 a6 15. Rhf1 Rc8 16. Kb1 h5 17. Rf3 Na5 {½-½ (59) Zawadzka,J (2419)-Bednarek,S (2309) Katowice 2017}) 10... Nf5 11. Bxf5 exf5 12. Nf3 Qb6 $146 ({Predecessor:} 12... f6 13. O-O-O fxe5 14. fxe5 Nxe5 15. Nxc8 Nc6 16. Nxd4 Qxc8 17. Nxf5 Qc7 18. Rhf1 Ne5 19. Qxd5 Nd7 20. Nxg7+ Ke7 {1-0 (20) Allen,K-Sobey,A Bognor Regis 1965}) 13. O-O-O Be6 14. Nxd4 Nxd4 15. Qxd4 Qxd4 16. Rxd4 b6 17. Re1 h5 18. Re3 Ke7 19. Rc3 Rhd8 20. Rc7+ Rd7 21. Rxd7+ Kxd7 22. c4 dxc4 23. Nxf5+ Kc6 24. Rd6+ $16 Kc5 25. Nxg7 Bd5 26. Rf6 Rg8 27. Nxh5 Rxg2 28. h3 Bf3 29. Rh6 Kd4 30. Rd6+ Ke3 31. Nf6 Kxf4 32. Rd4+ Kxe5 33. Rxc4 Kxf6 34. Rf4+ Ke5 35. Rxf7 Be4 36. Rxa7 Rc2+ 37. Kd1 Rxb2 38. Ra6 Kd4 39. Kc1 Rc2+ 40. Kd1 b5 41. Ra7 b4 42. Ra4 Kc3 43. a3 Bf3+ 44. Ke1 b3 45. Rf4 Bd5 0-1

[Event "III Copa Marcel Duchamp 2019"]
[Site "Montevideo"]
[Date "2019.02.15"]
[Round "8.30"]
[White "Martinez, Carlos Alejandro"]
[Black "Gomez Troccoli, Martin"]
[Result "0-1"]
[WhiteElo "2503"]
[BlackElo "1976"]
[Annotator "TA"]
[PlyCount "72"]
[EventDate "2019.02.09"]
[EventType "swiss"]
[EventCountry "URU"]
[SourceTitle "playchess.com"]
[Source "ChessBase"]
[SourceQuality "1"]

{[%evp 12,72,15,2,22,12,33,32,32,32,36,0,20,4,33,24,33,24,78,58,65,53,177,177,445,447,443,441,439,423,439,432,479,318,352,230,245,228,197,6,89,0,0,0,53,-39,8,8,204,-6,105,127,106,127,250,51,47,46,62,-182,-177,-29998,-29999]} 1. e4 e6 2. d4 d5 3. e5 c5 4. c3 Nc6 5. Nf3 Bd7 6. a3 f6 7. Bd3 c4 {C02: French: Advance Variation} (7... Qc7 8. O-O O-O-O 9. Qe2 Nge7 10. b4 c4 11. Bc2 Ng6 12. Re1 Be7 13. a4 fxe5 14. dxe5 Rdf8 15. Na3 Nf4 16. Qd1 Be8 {1-0 (37) Grischuk,A (2737)-Morozevich,A (2676) Doha 2016}) 8. Bc2 fxe5 9. Nxe5 Nxe5 {White is slightly better.} 10. dxe5 g6 $146 ({Predecessor:} 10... Qh4 11. Be3 Nh6 12. h3 Nf7 13. g3 Qd8 14. f4 Qc7 15. Nd2 {1-0 (39) Ritscher,J (2277)-Mitscherling,A (2249) Germany 2004}) 11. Qg4 Ne7 12. O-O Bg7 13. f4 Qb6+ 14. Kh1 O-O (14... Bf8 $11) 15. Nd2 $16 {[%cal Bb1d2,Bd2f3,Bf3g5][%mdl 32]} Rf7 16. Nf3 Nc6 {[#]} (16... Bf8 $14) 17. Ng5 $1 $18 Rff8 $2 {[#]} (17... Raf8 18. Qh3 (18. Nxf7 Rxf7 19. Qe2 Bf8 $16) 18... Bh8 19. Nxf7 Rxf7) 18. Nxh7 $1 {[%mdl 512]} Nxe5 (18... Kxh7 19. Qxg6+) 19. Qh3 Nd3 20. Bxd3 cxd3 21. Ng5 {[%csl Gg5][%cal Rh3h7]} Rf5 22. Qh7+ Kf8 23. Qxg6 e5 24. Qxb6 axb6 25. Be3 $2 (25. g4 $18 Rxg5 26. fxe5+ {[%mdl 64] Discovered Attack} Rf5 27. gxf5 Bxe5 28. Bg5) 25... e4 (25... exf4 $11 26. Rxf4 (26. Bxf4 Kg8 $11) 26... Rxf4 27. Bxf4 Re8) 26. g4 (26. Bxb6 $16 {Black must now prevent g4.} Ke8 27. h3) 26... d4 $1 $11 {[%cal Rd4e3]} 27. cxd4 Rb5 (27... Rd5 $11) 28. Rf2 ({Not} 28. Nxe4 $2 Re8 $19) (28. f5 $1 $14) 28... Bxg4 29. f5 $36 {[%mdl 2048] Strongly threatening Rg1. White has good play.} Kg8 $2 {[#]} (29... Ke7 $1 $11 {and Black is okay.}) 30. Nxe4 $2 (30. f6 $1 $18 Rxg5 31. Bxg5) 30... Re8 (30... Rxf5 $11 {keeps the balance.} 31. Nf6+ Rxf6 32. Rxf6 Bxf6) 31. Nd6 $1 $16 {[%csl LRb5,LRb7,LRe8][%mdl 64] Double Attack} Rxe3 32. Nxb5 Be2 (32... Kf8 $16 {is a better defense.} 33. Kg2 Bf6) 33. Nc3 $2 (33. Kg2 $18) 33... Bf3+ $1 $14 34. Kg1 {f6 is the strong threat.} Bxd4 {And now ...d2! would win.} 35. Raf1 $2 (35. Nb5 $14 {stays ahead.} Be5 36. Rd2) 35... Re7 $19 {[%cal Re7g7][%mdl 1024] Black has strong compensation.} 36. h3 $2 (36. h4 $19 d2 37. Kh2 Bxc3 38. Kg3 (38. Rxf3 $2 Re1 $19)) 36... Rg7+ {Accuracy: White = 30%, Black = 17%.} 0-1

[Event "III Copa Marcel Duchamp 2019"]
[Site "Montevideo"]
[Date "2019.02.15"]
[Round "8.31"]
[White "Maestro, Esteban"]
[Black "Araque, Jairo"]
[Result "0-1"]
[WhiteElo "1533"]
[BlackElo "1961"]
[Annotator "NA RC"]
[PlyCount "68"]
[EventDate "2019.02.09"]
[EventType "swiss"]
[EventCountry "URU"]
[SourceTitle "playchess.com"]
[Source "ChessBase"]
[SourceQuality "1"]
[TimeControl "5400+30"]

1. e4 e6 2. d4 d5 3. Nc3 Nf6 4. e5 Nfd7 5. f4 c5 6. Nf3 Nc6 7. Be3 a6 8. Qd2 g6 {C11: French: Classical System: 4 e5 and 4 Bg5 dxe4} (8... b5 9. a3 Rb8 10. dxc5 Bxc5 11. Bxc5 Nxc5 12. b4 Nd7 13. Bd3 Qb6 14. Ne2 f6 15. exf6 Nxf6 16. Ned4 Nxd4 17. Nxd4 {½-½ (31) Grischuk,A (2769)-Short,N (2652) Douglas 2018}) 9. O-O-O b5 10. dxc5 Nxc5 11. a3 $146 ({Predecessor:} 11. Bd3 b4 12. Ne2 Qc7 13. g4 Nxd3+ 14. Qxd3 a5 15. Ned4 {½-½ (29) Orehek,S (1913)-Plahuta,D (2069) Sentjur 2010}) 11... b4 12. axb4 Nxb4 13. Bxc5 Bxc5 14. Nd4 Bd7 15. Nb3 Be7 16. Kb1 Rc8 17. Qe3 Qc7 18. Be2 Rb8 19. Rd2 h5 20. g3 a5 $17 21. Na2 a4 22. Nd4 Qb7 23. c4 dxc4 24. Rc1 Nd5 25. Qf3 c3 26. Nxc3 Nxc3+ 27. Qxc3 Bb4 28. Qc2 Bxd2 29. Qxd2 Qb4 30. Qxb4 Rxb4 31. Nc2 Rb8 32. Bd1 Ke7 33. Nd4 Rhc8 34. Rxc8 Rxc8 0-1

[Event "III Copa Marcel Duchamp 2019"]
[Site "Montevideo"]
[Date "2019.02.15"]
[Round "8.32"]
[White "Rupel, David"]
[Black "Ortiz, Jorge"]
[Result "1-0"]
[WhiteElo "1953"]
[BlackElo "1809"]
[Annotator "NA RC"]
[PlyCount "135"]
[EventDate "2019.02.09"]
[EventType "swiss"]
[EventCountry "URU"]
[SourceTitle "playchess.com"]
[Source "ChessBase"]
[SourceQuality "1"]
[TimeControl "5400+30"]

1. c4 Nf6 2. Nc3 g6 3. e4 d6 4. d4 Bg7 5. Nge2 c6 {E70: King's Indian: Miscellaneous lines with 4 e4, including 5 Nge2 and 5 Bd3 0-0 6 Nge2} (5... Nbd7 6. Ng3 e5 7. d5 a5 8. Be2 Nc5 9. Be3 h5 10. Qc2 Ng4 11. Bxc5 dxc5 12. h3 Nf6 13. O-O-O Bh6+ 14. Kb1 O-O {0-1 (48) Salem,A (2660)-Grischuk,A (2771) St Petersburg 2018}) 6. h3 O-O 7. Be3 e5 8. d5 cxd5 9. cxd5 b5 $146 ({Predecessor:} 9... a6 10. g4 b5 11. Ng3 Nbd7 12. Be2 Nb6 13. Qd2 Bd7 14. b3 {½-½ (42) Hackbarth,W (2137)-Luciani,C (2236) Arco 2006}) 10. a3 a6 11. Ng3 Nbd7 12. Bd3 Nb6 13. Rc1 Ne8 14. O-O f5 15. f4 Bh6 16. exf5 Nc4 17. Bxc4 $1 bxc4 18. Qd2 exf4 19. Bxf4 Bxf4 $18 20. Rxf4 Bxf5 21. Nxf5 Rxf5 22. Rxf5 gxf5 23. Rf1 Ng7 24. Qd4 Qb8 25. Rf2 Qc7 26. Nd1 Re8 27. Nc3 Re1+ 28. Kh2 Re7 29. Re2 Rxe2 30. Nxe2 Qc5 31. Qxc5 dxc5 32. Nc3 Kf8 33. Na4 Ke7 34. Nxc5 Kd6 35. Nxa6 Kxd5 36. Nb4+ Kc5 37. Kg3 Kb5 38. Nc2 Ka4 39. Nd4 c3 40. bxc3 Kxa3 41. Kf4 Kb2 42. Ne2 Kc2 43. Ke3 Ne8 44. Kd4 Kd2 45. Ng3 Ng7 46. c4 Ke1 47. Ke3 h6 48. Kf3 Kd2 49. c5 f4 50. Ne4+ Kd3 51. Kxf4 Ne6+ 52. Ke5 Nd8 53. g4 Ke3 54. h4 Kf3 55. g5 hxg5 56. hxg5 Nc6+ 57. Kd6 Nd8 58. g6 Kxe4 59. c6 Kf5 60. g7 Nf7+ 61. Ke7 Nh6 62. c7 Kg6 63. c8=Q Kxg7 64. Qf8+ Kh7 65. Kf6 Ng8+ 66. Kg5 Kh8 67. Qf7 Nh6 68. Qf6+ 1-0

[Event "III Copa Marcel Duchamp 2019"]
[Site "Montevideo"]
[Date "2019.02.16"]
[Round "9.1"]
[White "Roselli Mailhe, Bernardo"]
[Black "Tristan, Leonardo"]
[Result "1/2-1/2"]
[WhiteElo "2434"]
[BlackElo "2493"]
[Annotator "TA"]
[PlyCount "38"]
[EventDate "2019.02.09"]
[EventType "swiss"]
[EventCountry "URU"]
[SourceTitle "playchess.com"]
[Source "ChessBase"]
[SourceQuality "1"]

{[%evp 19,21,-4,-9,-22]} 1. Nf3 d5 2. g3 Nf6 3. Bg2 Bf5 4. O-O e6 5. d3 Be7 6. c4 c6 7. b3 h6 8. Bb2 O-O 9. Nbd2 Nbd7 10. Re1 Bh7 {LiveBook: 48 Games} 11. cxd5 {A12: English Opening: 1...c6 with b3 by White} {Predecessor:} cxd5 $146 12. Ne5 Qb6 13. Ndf3 Rfc8 14. Bd4 Bc5 15. Bxc5 Rxc5 16. Rc1 Rac8 17. Qd2 Nxe5 18. Nxe5 Qc7 19. Rxc5 Qxc5 {0-1 (77) Kayumov,S (2505)-Goloshchapov,A (2586) Dubai 2014} 1/2-1/2

[Event "III Copa Marcel Duchamp 2019"]
[Site "Montevideo"]
[Date "2019.02.16"]
[Round "9.2"]
[White "Mareco, Sandro"]
[Black "Alonso, Salvador"]
[Result "1-0"]
[WhiteElo "2664"]
[BlackElo "2502"]
[Annotator "TA"]
[PlyCount "89"]
[EventDate "2019.02.09"]
[EventType "swiss"]
[EventCountry "URU"]
[SourceTitle "playchess.com"]
[Source "ChessBase"]
[SourceQuality "1"]

{[%evp 16,89,54,31,65,72,77,66,81,56,70,68,71,70,66,61,74,70,70,70,70,64,91,51,69,49,79,61,60,0,0,-15,-8,-14,42,25,43,41,70,23,44,36,55,0,0,0,3,0,50,56,138,129,138,138,151,145,181,194,189,177,257,257,258,247,247,241,240,229,239,241,328,311,538,551,715,720]} 1. e4 c5 2. Nf3 e6 3. d4 cxd4 4. Nxd4 Nc6 5. Nc3 Qc7 6. Be3 a6 7. Qf3 {B48: Sicilian: Taimanov: 5 Nc3 Qc7 6 Be3 a6 without Be2} d6 8. Nxc6 bxc6 9. O-O-O {LiveBook: 10 Games. White is slightly better.} e5 $146 ({Predecessor:} 9... Nf6 10. Qg3 Nh5 11. Qh4 Nf6 12. g4 Be7 13. g5 Nd7 14. f4 Rb8 {1-0 (37) Anand,V (2776)-Leenhouts,K (2499) Bastia 2016}) 10. Bc4 Nf6 11. h3 Be6 12. Qe2 Bxc4 13. Qxc4 Be7 14. g4 {[%cal Bg2g4,Bg4g5][%mdl 32]} Qb7 15. f4 {[%cal Bf2f4,Bf4f5,Bf5f6][%mdl 32]} O-O 16. g5 Nh5 17. f5 $1 Rfc8 18. f6 Bf8 $1 19. Qd3 g6 20. Rh2 Rd8 21. Kb1 a5 {[%cal Ba6a5,Ba5a4][%mdl 32]} 22. Ka1 (22. a4 $14) 22... a4 $1 $11 23. Bc1 Ra5 24. Qf3 Qc8 (24... d5 $11) 25. h4 Qe6 26. Rhd2 $36 {[%mdl 2048] White has some pressure.} Nf4 27. Ne2 (27. h5 $5) 27... Nxe2 28. Rxe2 d5 $1 29. exd5 (29. Rf1 $14) 29... Raxd5 30. Rde1 Rd1 31. Kb1 Rxe1 32. Rxe1 Rd4 (32... a3 $14) 33. h5 $16 gxh5 34. Qxh5 Qf5 35. Qe2 e4 36. c3 e3+ 37. Qc2 Qxc2+ (37... Rd5 $142 38. Bxe3 Qxc2+ 39. Kxc2 h6 40. gxh6 Rh5 41. Rg1+ Kh7) 38. Kxc2 $18 {[%mdl 4096] Endgame KRB-KRB} Rd5 39. Bxe3 h6 40. gxh6 Kh7 41. Rh1 Rf5 42. Rh4 Rf3 43. Bd2 Rxf6 $2 {[#]} (43... Rf2 {might work better.} 44. Rxa4 Bxh6) 44. Rxa4 Rf2 45. Rf4 {Precision: White = 63%, Black = 54%.} 1-0

[Event "III Copa Marcel Duchamp 2019"]
[Site "Montevideo"]
[Date "2019.02.16"]
[Round "9.3"]
[White "Hernandez Guerrero, Gilberto"]
[Black "Felgaer, Ruben"]
[Result "1/2-1/2"]
[WhiteElo "2533"]
[BlackElo "2562"]
[Annotator "TA"]
[PlyCount "90"]
[EventDate "2019.02.09"]
[EventType "swiss"]
[EventCountry "URU"]
[SourceTitle "playchess.com"]
[Source "ChessBase"]
[SourceQuality "1"]

{[%evp 23,90,8,21,0,0,0,0,0,2,4,38,10,34,-40,-18,-29,-27,-13,-18,-45,-42,-48,-46,-49,-33,-56,-46,-52,-60,-58,-33,-33,-27,-37,-7,-50,-48,-40,-24,-47,-47,-47,-47,-47,-42,-42,-47,-49,-40,-49,-40,-55,-53,-47,-39,-42,-37,-177,-39,-40,-40,-54,-56,-45,0,0,0,-6,-6]} 1. e4 c5 2. Nf3 e6 3. d4 cxd4 4. Nxd4 a6 5. Be2 Nf6 6. Nc3 d6 7. O-O Nc6 8. Be3 Be7 9. f4 O-O 10. Kh1 Bd7 11. Qe1 b5 12. a3 Qb8 13. Bd3 {B85: Sicilian Scheveningen: 6 Be2 a6, lines with early Be3} (13. b4 Nxd4 14. Bxd4 e5 15. Be3 Bc6 16. Bd3 Qb7 17. fxe5 dxe5 18. Bg5 Ne8 19. Bd2 Nd6 20. g4 Rad8 {0-1 (52) Hansen,E (2593)-Van Wely,L (2650) Linares 2014}) 13... b4 14. axb4 Nxb4 15. Qe2 Rc8 16. g4 $146 ({Predecessor:} 16. Bg1 Nxd3 17. cxd3 Qb7 18. e5 Nd5 19. Qf3 Rc7 20. Ne4 dxe5 21. fxe5 {½-½ (39) Mednis,E (2460)-Da Cunha,M (2410) New York 1984}) 16... g6 17. g5 Nh5 18. Qf2 (18. Bc4 $14) 18... Nxd3 $15 19. cxd3 Qb7 20. Kg1 Ng7 21. Ra2 Rf8 22. Qg2 Bd8 23. Ra3 Rb8 24. Rfa1 a5 25. Nb3 a4 26. Nd2 Qxb2 27. Nxa4 Bxa4 28. Rxa4 Bb6 29. Qf2 Bxe3 30. Qxe3 d5 31. R4a2 Qc3 32. Ra3 Qc2 {[#] Hoping for ...d4!} 33. R3a2 Rb2 34. Rxb2 Qxb2 35. Rf1 Rc8 36. Nf3 Rc2 37. exd5 exd5 38. Qe5 Ne6 39. Qxd5 Nxf4 40. Qd8+ Kg7 {[#] ( -> ...Rg2+)} 41. Qf6+ $1 {[%mdl 512]} Qxf6 42. gxf6+ Kg8 43. Ne5 Nd5 44. Ra1 {Ra8+ would kill now.} Nxf6 45. Ra8+ Kg7 {Accuracy: White = 58%, Black = 77%.} 1/2-1/2

[Event "III Copa Marcel Duchamp 2019"]
[Site "Montevideo"]
[Date "2019.02.16"]
[Round "9.4"]
[White "Bitelmajer, Martin"]
[Black "Rodriguez Vila, Andres"]
[Result "1/2-1/2"]
[WhiteElo "2453"]
[BlackElo "2486"]
[Annotator "ChessBase"]
[PlyCount "78"]
[EventDate "2019.02.09"]
[EventType "swiss"]
[EventCountry "URU"]
[SourceTitle "playchess.com"]
[Source "ChessBase"]
[SourceQuality "1"]
[TimeControl "5400+30"]

1. d4 e6 2. c4 Nf6 3. g3 c5 4. d5 exd5 5. cxd5 Bd6 6. Nc3 O-O 7. Nf3 Bc7 8. Bg2 d6 9. O-O a6 10. a4 Re8 11. Nd2 Nbd7 12. b3 Rb8 13. Qc2 b5 14. e4 Ba5 15. h3 Qc7 16. Nd1 c4 17. bxc4 bxa4 18. Rxa4 Nc5 19. Ra3 Bd7 20. Bb2 Ba4 21. Qc1 Bb4 22. Re3 Qa5 23. Nc3 Nfd7 24. Nf3 Rbc8 25. Nxa4 Nxa4 26. e5 Ndb6 27. Re4 Nc3 28. Bxc3 Bxc3 29. Qf4 dxe5 30. Nxe5 Bxe5 31. Rxe5 Rxe5 32. Qxe5 Nxc4 33. Qe7 Qd8 34. Qxd8+ Rxd8 35. Rc1 Ne5 36. Ra1 Rd6 37. Ra5 Nd7 38. Bf1 Nf6 39. Rxa6 Rxa6 1/2-1/2

[Event "III Copa Marcel Duchamp 2019"]
[Site "Montevideo"]
[Date "2019.02.16"]
[Round "9.5"]
[White "Ricardi, Pablo"]
[Black "Lopez Azambuja, Nicolas"]
[Result "1-0"]
[WhiteElo "2479"]
[BlackElo "2320"]
[Annotator "ChessBase"]
[PlyCount "103"]
[EventDate "2019.02.09"]
[EventType "swiss"]
[EventCountry "URU"]
[SourceTitle "playchess.com"]
[Source "ChessBase"]
[SourceQuality "1"]
[TimeControl "5400+30"]

1. Nf3 Nf6 2. g3 d5 3. Bg2 c6 4. d3 Bf5 5. Nbd2 h6 6. O-O e6 7. b3 Be7 8. Bb2 O-O 9. Re1 Bh7 10. e4 a5 11. a3 Na6 12. exd5 cxd5 13. Nd4 Qb6 14. N2f3 Bc5 15. c3 Rfe8 16. b4 Bf8 17. Qd2 Nb8 18. Ne5 Nbd7 19. Nxd7 Nxd7 20. Bh3 Bg6 21. Nb3 axb4 22. cxb4 Qb5 23. Bf1 Qa4 24. Qd1 Rac8 25. Nd4 Qxd1 26. Raxd1 Nb6 27. Rc1 Na4 28. Ba1 Be7 29. Nb5 Kf8 30. f4 Nb6 31. Bd4 Rxc1 32. Rxc1 Na8 33. Kf2 f6 34. Be2 Kf7 35. h4 Bf8 36. Be3 Rd8 37. g4 Ke8 38. h5 Bf7 39. g5 fxg5 40. fxg5 hxg5 41. Bxg5 Be7 42. Bf4 Kd7 43. d4 Rh8 44. Nc7 Nb6 45. Bb5+ Kd8 46. h6 Nc4 47. hxg7 Rh4 48. Kg3 Rh7 49. Ne8 Nxa3 50. Bc7+ Kc8 51. Bd6+ Kd8 52. Bxe7+ 1-0